000 00662cam a2200205 4500
001 D10380
008 090401t1979 xxu||||| |||| 00| 0 eng d
022 _a0305-4713
035 _a(Sirsi) u94878
041 _aeng
100 _aChapman, D.H.
245 _aFootpaths and bridleways in England and Wales, revised by W. Seabrooke
260 _c1979
350 _a0
490 _aLand Agency and Agriculture Practice Leaflet
_v8
520 _aIn RICS Land Agency and Agriculture Division Practice leaflets no. 1 1974/9
710 _aRoyal Institution of Chartered Surveyors. Land Agency and Agriculture Division
_91449
942 _n0
948 _c04/03/1997
999 _c98209
_d98209